Sobre políticas culturales responde George Yúdice /
محفوظ في:
| المؤلف الرئيسي: | |
|---|---|
| مؤلفون آخرون: | , |
| التنسيق: | نص |
| الموضوعات: | |
| الوسوم: |
إضافة وسم
لا توجد وسوم, كن أول من يضع وسما على هذه التسجيلة!
|
MARC
| LEADER | 00000 a a2200000 04500 | ||
|---|---|---|---|
| 001 | 2613 | ||
| 003 | |||
| 040 | |||
| 100 | |a Lázaro, I | ||
| 245 | |a Sobre políticas culturales responde George Yúdice / |c I Lázaro | ||
| 650 | |a POLITICA CULTURAL | ||
| 650 | |a ENTREVISTAS | ||
| 650 | |a GLOBALIZACION | ||
| 650 | |a PROMOCION CULTURAL | ||
| 650 | |a DESARROLLO CULTURAL | ||
| 650 | |a DESARROLLO SOCIAL | ||
| 650 | |a INTERVENCION DEL ESTADO | ||
| 700 | |a Rodríguez, Oliva | ||
| 700 | |a Ochoa, Oscar | ||
| 773 | |g número 239; páginas 117-123 | ||
| 999 | |c 27649 |d 27649 | ||
